000 00664nam a22002417a 4500
003 UA-OsUOA
001 44821
007 ta
008 20110228b un ||||| |||| 00| 0 ukr d
100 _aВальо В.
090 _a82-94
_bВ16
942 _cBK
040 _aUA-OsUOA
_bukr
_cUA-OsUOA
_dUA-OsUOA
245 _aСкитальським шляхом
300 _a108 с.
955 _a4
041 _aukr
080 _a82-94
260 _c1997
650 7 _a82 Література. Літературознавство
_2UDC
999 _c424924
_d424924